Bible Quiz - Statistics

General Stats
  • This quiz has been taken 121 times
  • The average score is 12 of 15
Answer Stats
Question Answer % Correct
The First Man on Earth? Adam
100%
How many commandments did God gave to Moses ? 10
96%
Who baptized Jesus? John the Baptist
96%
How many wise men come to baby Jesus? 3
92%
The Husband of Ruth Boaz
92%
Where did Jesus Baptized in water? Jordan River
92%
The Father of All Nation? Abraham
88%
Who is the king that wants to kill baby Jesus? King Herod
88%
How many sons does Jacob have? 12
83%
Where did Jesus Crucified? Golgotha
79%
The wise King? Solomon
75%
The Man after God's own Heart? David
71%
What was the name of Abraham Nephew? Lot
67%
Who wrote The Book of Genesis? Moses
67%
Two Man who doesn't experience Death* Enoch & Elijah
54%
No matching quizzes found
Score Distribution
Percent of People with Each Score
Percentile by Number Answered
Your Score History
You have not taken this quiz